Statistiken für Merkwürdige Tiere: 2 Lügen + 1 Wahrheit

Klicken Sie hier um das Quiz zu spielen!

Allgemein

  • Dieses Quiz wurde 60 mal gespielt
    (24 seit der letzten Aktualisierung)
  • Das Durchschnittsergebnis liegt bei 5 aus 12

Antwortstatistiken

FrageAntwort% Korrekt
Costasiella kuroshimae (Meeresschnecke)lagert Chloroplasten ein und betreibt damit Photosynthese
65%
Seeschwalbe (Blaue Ozeanschnecke)frisst giftige Quallen und lagert deren Nesselzellen für eigene Verteidigung ein
52%
Schwarzer Pacu (Fisch)hat Zähne wie ein Mensch
52%
Grosse Wabenkröte (Froschlurch)ihre Jungen schlüpfen aus Waben auf ihrem Rücken
52%
Gürtelmull (Gürteltier)er hat keine sichtbaren Ohrmuscheln
48%
Nasenaffe (Schlankaffe)hat einen knallroten Penis
48%
Wasserreh (Hirschart)Männchen haben vampirartige Fangzähne
48%
Hoatzin (Vogel)stinkt nach Dung
48%
Greta morgane (Schmetterling)Flügel sind größtenteils völlig durchsichtig
35%
Ameisenwespen (Taillenwespe)Weibchen haben keine Flügel
35%
Blauer Morphofalter (Schmetterling)Blau der Flügel ist eine optische Täuschung
30%
Dikdik (Zwergantilope)brauchen in der Regel kein Trinkwasser
22%

Verteilung der Resultate

Perzentil nach korrekt beantworteten Fragen

Anzahl Personen mit jedem Resultat

Ihre Resultats-Entwicklung

Sie haben dieses Quiz seit der letzten Aktualisierung nicht gespielt